Fr. Conceicao Rodrigues College of Engineering

Computer Networks : Protocols standards and interfaces (Record no. 28151)

MARC details
000 -LEADER
fixed length control field 00332nam a2200145Ia 4500
082 ## - DEWEY DECIMAL CLASSIFICATION NUMBER
Classification number 4.6
Item number TAN
100 ## - MAIN ENTRY--PERSONAL NAME
Personal name Tanenbaum /Andrew S.
250 ## - EDITION STATEMENT
Edition statement 4
245 ## - TITLE STATEMENT
Title Computer Networks : Protocols standards and interfaces
260 ## - PUBLICATION, DISTRIBUTION, ETC.
Name of publisher, distributor, etc. prentice hall
Date of publication, distribution, etc. 2003
300 ## - PHYSICAL DESCRIPTION
Extent 891
546 ## - LANGUAGE NOTE
Language note ENGLISH
654 ## - SUBJECT ADDED ENTRY--FACETED TOPICAL TERMS
Focus term computer
942 ## - ADDED ENTRY ELEMENTS (KOHA)
Koha item type BOOK
Holdings
Withdrawn status Lost status Damaged status Not for loan Collection Home library Current library Date acquired Total Checkouts Full call number Barcode Date last seen Price effective from Koha item type Source of acquisition Cost, normal purchase price Inventory number Cost, replacement price
        CRC Fr. Agnel's C.Rodrigues College of Engineering Fr. Agnel's C.Rodrigues College of Engineering 17/03/2023   4.6 TAN 13880 17/03/2023 17/03/2023 BOOK        
        CRC Fr. Agnel's C.Rodrigues College of Engineering Fr. Agnel's C.Rodrigues College of Engineering 17/03/2023   4.65 TAN 15119 17/03/2023 28/08/2004 BOOK Nandu 200.00 736 dt 28/08/2004 250.00